Risiken und Chancen der künftigen Wirtschaftsentwicklung

Gespeichert in:
Bibliographische Detailangaben
1. Verfasser: Giersch, Herbert
Weitere Verfasser: Wolter, Frank
Format: Buch
Sprache:Deutsch
Veröffentlicht: Kiel Institut für Weltwirtschaft 1982
Schriftenreihe:Kieler Diskussionsbeiträge 84
Tags: Tag hinzufügen
Keine Tags, Fügen Sie das erste Tag hinzu!

MARC

LEADER 00000nam a2200000 4500
001 c130510
005 20181203150429.2
041 0 |a ger 
044 |a DE 
245 1 0 |a Risiken und Chancen der künftigen Wirtschaftsentwicklung  |c Herbert Giersch, Frank Wolter 
264 1 |a Kiel  |b Institut für Weltwirtschaft  |c 1982 
300 |a 14 s. 
490 1 |a Kieler Diskussionsbeiträge  |v 84 
830 0 |a Kieler Diskussionsbeiträge  |v 84 
100 1 |a Giersch, Herbert 
700 1 |a Wolter, Frank